| 000 | 00851nam a2200289Ia 4500 | ||
|---|---|---|---|
| 001 | 11920 | ||
| 003 | IT-RoPAU | ||
| 008 | 130308s9999 xx 000 0 und d | ||
| 040 | _aIT-RoPAU | ||
| 040 | _cIT-RoPAU | ||
| 041 | _aITALIANO | ||
| 100 | _aBarbero Giuseppe | ||
| 100 | _gCodice Aut. SPICS: 9572 | ||
| 245 | _aPio Brunone Lanteri-Precursore nell'uso dei mezzi della comunicazione sociale | ||
| 245 | _bPio Brunone Lanteri-Precursore nell'Uso dei mezzi della Comunicazione Sociale | ||
| 250 | _a1a ed. | ||
| 260 | _aROVIGO | ||
| 260 | _bIstituto Padano Arti Grafiche | ||
| 260 | _c1972 [1° Ed.:1972 - Ed.Ling.Originale:1972] | ||
| 300 | _a"8 p. (prefazione: no ; testo: 8)" | ||
| 650 | _aAUTORI/OPERE FAMIGLIA PAOLINA | ||
| 650 | _eCodice materia Spics: 9903 | ||
| 942 | _cBK | ||
| 957 | _71 | ||
| 999 |
_c76294 _d76294 |
||
| 999 | _bSI | ||
| 999 | _g2 | ||